000 00509nam a2200181Ia 4500
005 20250326124453.0
008 250326s9999 xx 000 0 und d
037 _aTextbook
040 _aFMSL
_beng
_cFMSL
041 _aeng
_2eng
084 _aX:77.44 L2;1
_qFMSL
100 _aLahiri T B
_9737418
245 0 _aBalanced regional development
_cLahiri T B
260 _aNew Delhi
_bNew Delhi, Oxford & IBH
_c1972
300 _a154p
942 _cTB
_hX:77.44 L2;1
999 _c1273837
_d1273837